Lettres et mémoires de Marie, reine d'Angleterre, épouse de Guillaume III (Record no. 158736)
[ view plain ]
| 000 -LEADER | |
|---|---|
| campo de control de longitud fija | 01019nam a2200217 i 4500 |
| 001 - NÚMERO DE CONTROL | |
| campo de control | 158736 |
| 003 - IDENTIFICADOR DE NÚMERO DE CONTROL | |
| campo de control | ES-MaACL |
| 005 - FECHA Y HORA DE LA ÚLTIMA TRANSACCIÓN | |
| campo de control | 20250820063046.0 |
| 008 - DATOS DE LONGITUD FIJA--INFORMACIÓN GENERAL | |
| campo de control de longitud fija | 920812s1880 ne h |||| |afre d |
| 040 ## - FUENTE DE CATALOGACIÓN | |
| Centro catalogador/agencia de origen | CAT |
| Lengua de catalogación | spa |
| Centro/agencia transcriptor | CAT |
| Centro/agencia modificador | CCPB |
| 043 ## - CÓDIGO DE ÁREA GEOGRÁFICA | |
| Código de área geográfica | e-uk |
| 100 1# - ENTRADA PRINCIPAL--NOMBRE DE PERSONA | |
| Nombre de persona | Estuardo, María II, |
| Títulos y otros términos asociados al nombre | Reina de Inglaterra, |
| Fechas asociadas al nombre | 1662-1694 |
| 9 (RLIN) | 129676 |
| 245 10 - MENCIÓN DEL TÍTULO | |
| Título | Lettres et mémoires de Marie, reine d'Angleterre, épouse de Guillaume III |
| Resto del título | : collection de documents authentiques inédits conservés aux archives des comtes d'Aldenbourg Bentinck et du baron de Heeckeren de Wassenaer / |
| Mención de responsabilidad, etc. | [publ. par Mechtild, comtesse Bentinck, comtesse de Waldeck-Pyrmont]. |
| 260 ## - PUBLICACIÓN, DISTRIBUCIÓN, ETC. | |
| Lugar de publicación, distribución, etc. | La Haye : |
| Nombre del editor, distribuidor, etc. | Martinus Nijhoff ; |
| Lugar de publicación, distribución, etc. | Paris : |
| Nombre del editor, distribuidor, etc. | G. Fischbacher ; |
| Lugar de publicación, distribución, etc. | Londres : |
| Nombre del editor, distribuidor, etc. | D. Nutt, |
| Fecha de publicación, distribución, etc. | 1880. |
| 300 ## - DESCRIPCIÓN FÍSICA | |
| Extensión | X, 165 p., [2] h. pleg. ; |
| Dimensiones | 21 cm. |
| 597 ## - NOTA DE DESCRIPCIÓN FÍSICA | |
| NOTA DE DESCRIPCIÓN FÍSICA | Facs. |
| 600 14 - PUNTO DE ACCESO ADICIONAL DE MATERIA--NOMBRE DE PERSONA | |
| Nombre de persona | Estuardo, María II, |
| Títulos y otros términos asociados al nombre | Reina de Inglaterra, |
| Fechas asociadas al nombre | 1662-1694 |
| 9 (RLIN) | 129676 |
| 700 1# - ENTRADA AGREGADA--NOMBRE PERSONAL | |
| Nombre de persona | Bentinck, Mechtild de. |
| 9 (RLIN) | 159379 |
| 852 ## - LOCALIZACIÓN | |
| Ubicación | ES-MaACL |
| Número de control de estantería | G-13667 |
| Nota libre | -- Rúst. |
| Estatus retirado | Estado de pérdida | Estado de daño | No para préstamo | Colección | Biblioteca de origen | Biblioteca actual | Ubicación en estantería | Fecha de adquisición | Fuente de adquisición | Total de préstamos | Signatura topográfica completa | Código de barras | Visto por última vez | Precio de reemplazo | Tipo de ítem Koha |
|---|---|---|---|---|---|---|---|---|---|---|---|---|---|---|---|
| Libros del s. XIX | Biblioteca del Ateneo de Madrid | Biblioteca del Ateneo de Madrid | Sala Pecera Planta 3 | 17/01/2008 | G-13667 | 1166145 | 23/02/2023 | 23/02/2023 | Libro impreso antiguo |
